000 01341nam a22003617a 4500
003 CHAP
005 20220817042509.0
008 971013s1985 r 00010 d
010 _a46343
011 _a47315
035 _a51457
040 _cCHAP
090 _aFolleto 10002
100 0 0 _aPérez Arquillue, Consuelo.
_989518
245 _aManejo y alteraciones de la miel
260 _aMadrid :
_bMinisterio de Agricultura, Pesca y Alimentación,
_c1985
300 _a16 p.
_b: ilus.
490 _aMinisterio de Agricultura, Pesca y Alimentación. Hojas divulgadoras
_v; 13/85
590 _aBATCH-UPD
_b10
_c20130110
_lUCH01
_h0118
590 _aBATCH-UPD
_b10
_c20130110
_lUCH01
_h1046
590 _aBATCH-UPD
_b10
_c20130409
_lUCH01
_h2111
590 _aBATCH-UPD
_b10
_c20130410
_lUCH01
_h0644
590 _aBATCH-UPD
_b10
_c20130914
_lUCH01
_h1319
590 _aCONVERSION
_b10
_c20130109
_lUCH01
_h1325
650 1 4 _aMiel de abejas.
_975562
700 0 _aJimeno Benito, María Fuencisla.
_961437
710 0 _aEspaña. Ministerio de Agricultura, Pesca y Alimentación.
_937712
830 0 _aMinisterio de Agricultura, Pesca y Alimentación. Hojas divulgadoras
_v; 13/85
901 _aBK
942 _cFOLL
949 _aFolleto 10002
_bBC
_cFOLL
_d-115095
_eTS1
_i51457
_si
949 _aFolleto 10002
_bBC
_cFOLL
_d-115096
_eTS2
_fc.2
_i51457
_si
999 _c46343
_d46343